La culture scientifique et technique : pour les professeurs des ecoles
Saved in:
| Main Author: | |
|---|---|
| Other Authors: | |
| Format: | Book |
| Language: | French |
| Published: |
Paris :
Hachette,
1994
|
| Series: | Ressources formation. Enjeux du systeme educatif
|
| Subjects: | |
| Tags: |
Add Tag
No Tags, Be the first to tag this record!
|
MARC
| LEADER | 00000nam a2200000 i 4500 | ||
|---|---|---|---|
| 001 | 1/22454 | ||
| 008 | 970711s1994 fre d | ||
| 020 | |a 2-011-70361-1 | ||
| 035 | |a 1995 |b 3 |c Χατζηνικήτα |l 10036567 | ||
| 040 | |a GR-MY-UA |b gre |e aacr | ||
| 041 | 0 | |a fre | |
| 082 | 0 | |a 500.071 | |
| 100 | 1 | |a Andries, Bernard. | |
| 245 | 1 | 3 | |a La culture scientifique et technique : |b pour les professeurs des ecoles / |c Bernard Andries, Isabeau Beigbeder |
| 260 | |a Paris : |b Hachette, |c 1994 | ||
| 300 | |a 126 p. | ||
| 490 | 1 | |a Ressources formation. Enjeux du systeme educatif | |
| 650 | 0 | 0 | |a Science |x Study and teaching. |
| 650 | 0 | 0 | |a Technology |x Study and teaching. |
| 700 | 1 | |a Beigbeder, Isabeau. | |
| 830 | 0 | |a Ressources formation. Enjeux du systeme educatif | |
| 852 | |a INST |b RHODES |e 19970711 |h 500.071 AND |p 005400011381 |q 005400011381 |t BK |y 0 | ||
| 909 | |a Ρ |b 046552 |c 1995 | ||
| 970 | |z 2000/08/ΔΕΜΕΝΑΓΑΣ ΠΕΤΡΟΣ | ||